UM Logo

Incentives for ecozone investors mulled/ (Record no. 8767)

MARC details
000 -LEADER
fixed length control field 00363nam a2200121 4500
008 - FIXED-LENGTH DATA ELEMENTS--GENERAL INFORMATION
fixed length control field 180220b xxu||||| |||| 00| 0 eng d
100 ## - MAIN ENTRY--PERSONAL NAME
9 (RLIN) 26684
Personal name Arado, Jennie P.
245 ## - TITLE STATEMENT
Title Incentives for ecozone investors mulled/
Statement of responsibility, etc. Jennie P. Arado
260 ## - PUBLICATION, DISTRIBUTION, ETC. (IMPRINT)
Place of publication, distribution, etc. Davao City
Name of publisher, distributor, etc. Sun Star Davao
Date of publication, distribution, etc. c2017
300 ## - PHYSICAL DESCRIPTION
Extent page 7.
650 #0 - SUBJECT ADDED ENTRY--TOPICAL TERM
9 (RLIN) 26685
Topical term or geographic name as entry element Economic conditions.
942 ## - ADDED ENTRY ELEMENTS (KOHA)
Source of classification or shelving scheme Dewey Decimal Classification
Koha item type Periodicals
Holdings
Withdrawn status Lost status Source of classification or shelving scheme Damaged status Not for loan Collection code Home library Current library Date acquired Total Checkouts Date last seen Price effective from Koha item type Public note
    Dewey Decimal Classification     Periodicals UM Digos College - LIC UM Digos College - LIC 02/20/2018   02/20/2018 02/20/2018 Periodicals Newspaper Clippings